000
00312nam a2200133Ia 4500
008
190216s9999||||xx |||||||||||||| ||und||
100
_a
Saxena. S.R
245
0
_a
Labour Problems And Social Welfare
250
_a
1st Ed.
260
_b
Prakasan Kendra
_c
1972
300
_a
630
650
_a
Economics
942
_c
BK
999
_c
9269
_d
9269